La participacin̤ de los entes locales en la elaboracin̤ de normas autonm̤icas y estatales /

Detalles Bibliográficos
Autor principal: Medina Alcoz, Luis
Autor Corporativo: Instituto Nacional de Administracin̤ Pb︢lica (Espaą)
Formato: Libro
Lenguaje:español
Publicado: Madrid : Instituto Nacional de Administracin̤ Pb︢lica, 2009
Colección:Estudios y documentos (Instituto Nacional de Administracin̤ Pb︢lica (Espanya))
Materias:
Acceso en línea:Acceso restringido

MARC

LEADER 00000nam a2200000 a 4500
005 20110712104628.0
008 100226s2009 sp | ||||o000 0 spa c
020 |a 9788473512855 
035 |a 5524 
040 |d vLex 
090 |c 2213  |d 2213 
100 1 |a Medina Alcoz, Luis 
245 1 3 |a La participacin̤ de los entes locales en la elaboracin̤ de normas autonm̤icas y estatales /  |c Luis Medina Alcoz  |h [Recurso electrn̤ico] 
256 |a Servicio en ln̕ea. 
260 |a Madrid :  |b Instituto Nacional de Administracin̤ Pb︢lica,  |c 2009 
300 |a 334 p. ;  |c 24 cm 
504 |a Bibliografa̕: p. 323-334 
506 1 |a Contenido solo disponible en los productos indicados  |d vLex Global  |d vLex Global (Academic Edition, excluding Law Schools)  |d vLex Global (U.S. Academic Edition, Law Schools)  |d vLex Global (U.S. Academic Edition, excluding Law Schools)  |d vLex Global (Academic Edition, Law Schools) 
650 0 7 |a Normativa  |2 Tesauro vLex 
650 0 7 |a Legislacin̤ estatal  |2 Tesauro vLex 
650 0 7 |a Leyes autonm̤icas  |2 Tesauro vLex 
650 0 7 |2 Tesauro vLex  |a Autonm̤ica 
650 0 7 |2 Tesauro vLex  |a Estatal 
710 2 |a Instituto Nacional de Administracin̤ Pb︢lica (Espaą) 
740 0 |a vLex Libros (Servicio en ln̕ea) 
830 0 |a Estudios y documentos (Instituto Nacional de Administracin̤ Pb︢lica (Espanya)) 
856 4 0 |u http://vlex.com/source/participacion-entes-locales-elaboracion-normas-autonomicas-estatales-5524  |z Acceso restringido 
942 |c BOOK